Statistics for Age of famous people at their death

Click here to take the quiz!

General Stats

  • This quiz has been taken 103 times
  • The average score is 13 of 15

Answer Stats

NameAge% Correct
John Lennon40
89%
Paul Walker40
89%
Elvis Presley42
88%
Walt Disney65
88%
Jimi Hendrix27
87%
Bruce Lee32
87%
David Bowie69
87%
Vincent Van Gogh37
84%
Anne Frank15
82%
Richard Nixon81
80%
Steve McQueen50
79%
William Shakespeare52
79%
Abraham Lincoln56
79%
Leonardo Da Vinci67
79%
Charles Darwin73
78%

Score Distribution

Percentile by Number Answered

Percent of People with Each Score

Your Score History

You have not taken this quiz